[Event "AUT-chT (Women) 1617"]
[Site "Austria"]
[Date "2017.01.15"]
[Round "2.3"]
[White "Krassnitzer, Maria"]
[Black "Kremer, Nadine"]
[Result "0-1"]
[WhiteElo "1611"]
[BlackElo "1825"]
[PlyCount "60"]
[EventDate "2017.01.14"]
[EventType "team-tourn"]
[EventRounds "11"]
[EventCountry "AUT"]
[SourceTitle "EXT 2018"]
[Source "ChessBase"]
[SourceDate "2017.10.13"]
[SourceVersion "1"]
[SourceVersionDate "2017.10.13"]
[SourceQuality "1"]
[WhiteTeam "St Veit/Glan (W)"]
[BlackTeam "Tschaturanga (W)"]
[WhiteTeamCountry "AUT"]
[BlackTeamCountry "AUT"]

1. d4 Nf6 2. Bf4 g6 3. Nf3 Bg7 4. e3 d6 5. Be2 Nbd7 6. h3 c6 7. 0-0 0-0 8. c4 Ne4 9. Nbd2 f5 10. Qc2 Ndf6 11. Ng5 Nxd2 12. Qxd2 h6 13. Nf3 Qe8 14. Rac1 Kh7 15. Bh2 Qf7 16. Ne1 Ne4 17. Qc2 e5 18. dxe5 Bxe5 19. Bxe5 dxe5 20. Nd3 Qe7 21. g4 fxg4 22. Bxg4 Ng5 23. Kg2 Bxg4 24. hxg4 Nf3 25. Rh1 Qg5 26. Kg3 h5 27. Rxh5+ gxh5 28. Nxe5+ Kg8 29. Nxf3 Qxg4+ 30. Kh2 Rxf3 0-1

[Event "Olympiad Women-42"]
[Site "Baku"]
[Date "2016.09.09"]
[Round "7.3"]
[White "Vrbova, Niki"]
[Black "Kremer, Nadine"]
[Result "1-0"]
[WhiteElo "2186"]
[BlackElo "1844"]
[PlyCount "57"]
[EventDate "2016.09.02"]
[EventType "team-swiss"]
[EventRounds "11"]
[EventCountry "AZE"]
[SourceTitle "CBM 174 Extra"]
[Source "ChessBase"]
[SourceDate "2016.10.10"]
[SourceVersion "1"]
[SourceVersionDate "2016.10.10"]
[SourceQuality "1"]
[WhiteTeam "Slovakia (W)"]
[BlackTeam "Luxembourg (W)"]
[WhiteTeamCountry "SVK"]
[BlackTeamCountry "LUX"]

1. Nf3 Nf6 2. c4 g6 3. Nc3 Bg7 4. e4 d6 5. d4 0-0 6. h3 e5 7. d5 Nbd7 8. Bd3 Nc5 9. Bc2 a5 10. g4 Nfd7 11. Rg1 h6 12. Be3 Nb6 13. Qe2 Kh7 14. 0-0-0 f5 15. gxf5 gxf5 16. Bxc5 dxc5 17. exf5 Bxf5 18. Bxf5+ Rxf5 19. Qe4 Qf6 20. Nh4 Rf8 21. Rg6 Qxg6 22. Nxg6 Kxg6 23. d6 cxd6 24. Rxd6+ R8f6 25. Rxb6 Rxb6 26. Nd5 Re6 27. Qg4+ Rg5 28. Qxe6+ Kh7 29. Ne7 1-0

[Event "Olympiad Women-42"]
[Site "Baku"]
[Date "2016.09.03"]
[Round "2.43"]
[White "Lee, Lok Yi"]
[Black "Kremer, Nadine"]
[Result "0-1"]
[WhiteElo "1497"]
[BlackElo "1844"]
[PlyCount "56"]
[EventDate "2016.09.02"]
[EventType "team-swiss"]
[EventRounds "11"]
[EventCountry "AZE"]
[SourceTitle "CBM 174 Extra"]
[Source "ChessBase"]
[SourceDate "2016.10.10"]
[SourceVersion "1"]
[SourceVersionDate "2016.10.10"]
[SourceQuality "1"]
[WhiteTeam "Hong Kong (W)"]
[BlackTeam "Luxembourg (W)"]
[WhiteTeamCountry "HKG"]
[BlackTeamCountry "LUX"]

1. b3 e5 2. e3 Nc6 3. Bb2 Nf6 4. Nf3 e4 5. Ne5 Nxe5 6. Bxe5 d5 7. c4 dxc4 8. Bxc4 Bd6 9. Bb2 0-0 10. 0-0 Re8 11. Nc3 c6 12. h3 Qe7 13. a3 Qe5 14. f4 exf3 15. Qxf3 Be6 16. d4 Qg3 17. Rae1 b5 18. Bxe6 Rxe6 19. e4 Qh4 20. Kh1 Rf8 21. e5 Nh5 22. exd6 Rxe1 23. Rxe1 Qxe1+ 24. Kh2 g6 25. Ne2 Rd8 26. g4 Ng7 27. d5 Rxd6 28. dxc6 Rd2 0-1

[Event "Olympiad Women-42"]
[Site "Baku"]
[Date "2016.09.02"]
[Round "1.1"]
[White "Kremer, Nadine"]
[Black "Guo, Qi"]
[Result "0-1"]
[WhiteElo "1844"]
[BlackElo "2417"]
[PlyCount "56"]
[EventDate "2016.09.02"]
[EventType "team-swiss"]
[EventRounds "11"]
[EventCountry "AZE"]
[SourceTitle "CBM 174 Extra"]
[Source "ChessBase"]
[SourceDate "2016.10.10"]
[SourceVersion "1"]
[SourceVersionDate "2016.10.10"]
[SourceQuality "1"]
[WhiteTeam "Luxembourg (W)"]
[BlackTeam "China (W)"]
[WhiteTeamCountry "LUX"]
[BlackTeamCountry "CHN"]

1. e4 e5 2. Nc3 Nf6 3. f4 d5 4. fxe5 Nxe4 5. Nf3 Bc5 6. d4 Bb4 7. Bd2 c5 8. Qe2 Bxc3 9. Bxc3 Nc6 10. 0-0-0 Nxc3 11. bxc3 0-0 12. g3 Qa5 13. Kb2 Bg4 14. dxc5 Nxe5 15. Qxe5 Bxf3 16. Bd3 Bxh1 17. Rxh1 Qxc5 18. Re1 Rac8 19. h4 Rc6 20. h5 Re6 21. Qf5 g6 22. hxg6 hxg6 23. Qf1 Rb6+ 24. Kc1 Qxc3 25. g4 Re6 26. Rd1 Rfe8 27. Qf2 Re1 28. Qh4 Qa1+ 0-1

[Event "Olympiad Women-41"]
[Site "Tromsoe"]
[Date "2014.08.14"]
[Round "11.3"]
[White "Kremer, Nadine"]
[Black "Alattar, Ghayda M"]
[Result "1/2-1/2"]
[WhiteElo "1844"]
[BlackElo "1950"]
[PlyCount "80"]
[EventDate "2014.08.02"]
[EventType "team-swiss"]
[EventRounds "11"]
[EventCountry "NOR"]
[SourceTitle "CBM 162"]
[Source "ChessBase"]
[SourceDate "2014.09.17"]
[SourceVersion "1"]
[SourceVersionDate "2014.09.17"]
[SourceQuality "1"]
[WhiteTeam "Luxembourg (W)"]
[BlackTeam "Jordan (W)"]
[WhiteTeamCountry "LUX"]
[BlackTeamCountry "JOR"]

1. e4 e5 2. Nc3 Nf6 3. f4 d6 4. Nf3 Bg4 5. Bc4 Nc6 6. h3 Bxf3 7. Qxf3 Nd4 8. Qd3 c6 9. 0-0 b5 10. Bb3 c5 11. Nxb5 Nxb3 12. axb3 exf4 13. Rxf4 a6 14. Nc3 Be7 15. Rxa6 0-0 16. Rxa8 Qxa8 17. Rf1 Qa7 18. Kh2 Re8 19. Qf3 Bd8 20. d3 Rf8 21. Bf4 Qb6 22. e5 dxe5 23. Bxe5 Qe6 24. Bg3 Ba5 25. Qf5 Qc6 26. Re1 g6 27. Qg5 Nh5 28. Bf2 Bc7+ 29. Kg1 Qd6 30. g3 Nxg3 31. Qxg3 Qxg3+ 32. Bxg3 Bxg3 33. Re3 Bf4 34. Re4 g5 35. Na4 f5 36. Re6 Rc8 37. Kf2 Kf7 38. Rh6 Kg7 39. Re6 Kf7 40. Rh6 Kg7 1/2-1/2

[Event "Madrid San Viator op 22nd"]
[Site "Madrid"]
[Date "2014.04.27"]
[Round "5"]
[White "Kremer, Nadine"]
[Black "Ojosnegros Martin, Angel"]
[Result "1-0"]
[WhiteElo "1803"]
[BlackElo "1514"]
[PlyCount "87"]
[EventDate "2014.03.23"]
[EventType "swiss"]
[EventRounds "9"]
[EventCountry "ESP"]
[SourceTitle "EXT 2015"]
[Source "ChessBase"]
[SourceDate "2014.11.20"]
[SourceVersion "1"]
[SourceVersionDate "2014.11.20"]
[SourceQuality "1"]

1. e4 e5 2. Nc3 Nf6 3. f4 d5 4. fxe5 Nxe4 5. Nf3 Be7 6. Qe2 Nxc3 7. dxc3 Nc6 8. Bf4 Bg4 9. 0-0-0 Bxf3 10. Qxf3 Bg5 11. g3 Bxf4+ 12. gxf4 Qh4 13. Rxd5 g5 14. Bb5 Qxf4+ 15. Qxf4 gxf4 16. Rf1 Rg8 17. Rxf4 a6 18. Bxc6+ bxc6 19. Rd1 Rg6 20. Rdf1 0-0-0 21. Rxf7 Rh6 22. R1f2 Rd5 23. Re2 Re6 24. Rxh7 Rdxe5 25. Rxe5 Rxe5 26. Kd2 Kb7 27. h4 Kb6 28. h5 Rg5 29. h6 Rh5 30. Rh8 Kc5 31. h7 Rh3 32. b3 a5 33. Ke2 Rh6 34. Ke3 Rh1 35. Ke4 Re1+ 36. Kf5 Rf1+ 37. Ke6 Rh1 38. Kd7 Rh2 39. Kxc7 Rh1 40. Kd7 Rh2 41. b4+ axb4 42. cxb4+ Kc4 43. a4 Kc3 44. a5 1-0

[Event "Luxembourg-chT 1213"]
[Site "Luxembourg"]
[Date "2012.11.10"]
[Round "2"]
[White "Azorit, Louis"]
[Black "Kremer, Nadine"]
[Result "1/2-1/2"]
[WhiteElo "1969"]
[BlackElo "1775"]
[PlyCount "90"]
[EventDate "2012.10.??"]
[EventType "team-tourn"]
[EventRounds "10"]
[EventCountry "LUX"]
[SourceTitle "EXT 2017"]
[Source "ChessBase"]
[SourceDate "2016.10.25"]
[SourceVersion "1"]
[SourceVersionDate "2016.10.25"]
[SourceQuality "1"]

1. d4 Nf6 2. Nf3 g6 3. g3 Bg7 4. Bg2 d6 5. 0-0 0-0 6. Bg5 Nbd7 7. Bxf6 Bxf6 8. c3 c5 9. e3 Rb8 10. Nbd2 b5 11. Ne4 Bg7 12. a3 a5 13. b4 Bb7 14. Ne1 cxd4 15. cxd4 Nb6 16. Nd3 Nc4 17. Nc3 Bxg2 18. Kxg2 Qc7 19. Ne4 Qb7 20. Qf3 h6 21. Rfd1 Rfc8 22. bxa5 f5 23. Nd2 Qxf3+ 24. Kxf3 e5 25. dxe5 dxe5 26. e4 Ra8 27. g4 Rxa5 28. gxf5 gxf5 29. Nb4 Nxd2+ 30. Rxd2 fxe4+ 31. Ke2 Rc3 32. Rd7 Kf8 33. Rg1 Bf6 34. Nd5 Rc2+ 35. Kd1 Rxf2 36. Rg6 Bg5 37. Rb6 Ra8 38. Rxb5 Rd2+ 39. Ke1 Rc8 40. Rc7 Rxc7 41. Nxc7 Rxh2 42. Ne6+ Kf7 43. Nxg5+ hxg5 44. Rxe5 Ra2 45. Rxg5 Rxa3 1/2-1/2

[Event "Olympiad Women-40"]
[Site "Istanbul"]
[Date "2012.09.01"]
[Round "5.4"]
[White "Kremer, Nadine"]
[Black "Vega Jimenez, Keyshla M"]
[Result "1-0"]
[WhiteElo "1788"]
[BlackElo "1654"]
[PlyCount "89"]
[EventDate "2012.08.28"]
[EventType "team-swiss"]
[EventRounds "11"]
[EventCountry "TUR"]
[SourceTitle "CBM 150 Extra"]
[Source "ChessBase"]
[SourceDate "2012.10.19"]
[SourceVersion "1"]
[SourceVersionDate "2012.10.19"]
[SourceQuality "1"]
[WhiteTeam "Luxembourg (W)"]
[BlackTeam "Puerto Rico (W)"]
[WhiteTeamCountry "LUX"]
[BlackTeamCountry "PUR"]

1. e4 c5 2. Nf3 e6 3. d4 cxd4 4. Nxd4 a6 5. Nc3 Qc7 6. Bd3 Nf6 7. 0-0 Bc5 8. Nb3 Be7 9. Re1 d6 10. f4 Nbd7 11. Kh1 b5 12. a3 Bb7 13. Qf3 h5 14. h3 Ng4 15. Qg3 0-0-0 16. Be2 f5 17. exf5 exf5 18. Bf3 Bf6 19. Bd2 h4 20. Bxb7+ Qxb7 21. Qf3 Qxf3 22. gxf3 Nh6 23. a4 Nc5 24. axb5 Nxb3 25. cxb3 axb5 26. Nxb5 Bxb2 27. Ra6 d5 28. Re7 Rd7 29. Ra8+ Kb7 30. Ra7+ Kc6 31. Raxd7 Kxb5 32. Rxd5+ Kc6 33. Rdd7 Rb8 34. Rc7+ Kd6 35. b4 Ng8 36. Red7+ Ke6 37. Rd3 Nh6 38. Rb3 Bd4 39. Be3 Kd6 40. Bxd4 Kxc7 41. Be5+ Kc8 42. Bxb8 Kxb8 43. Re3 g6 44. Re6 Kc7 45. Rxg6 1-0

[Event "Rheinland Pfalz op 2nd"]
[Site "Schweich"]
[Date "2010.07.18"]
[Round "6"]
[White "Roj, Michaela"]
[Black "Kremer, Nadine"]
[Result "1-0"]
[WhiteElo "1914"]
[BlackElo "1659"]
[PlyCount "103"]
[EventDate "2010.07.16"]
[EventType "swiss"]
[EventRounds "7"]
[EventCountry "GER"]
[SourceTitle "EXT 2012"]
[Source "ChessBase"]
[SourceDate "2011.11.24"]
[SourceVersion "1"]
[SourceVersionDate "2011.11.24"]
[SourceQuality "1"]

1. e4 e5 2. Nf3 Nc6 3. Bc4 Bc5 4. Nc3 Nf6 5. d3 h6 6. Be3 Bb4 7. 0-0 Bxc3 8. bxc3 0-0 9. Rb1 Re8 10. Nd2 Na5 11. f4 exf4 12. Bxf4 d5 13. exd5 Nxd5 14. Qf3 Nxc4 15. Nxc4 Be6 16. Rxb7 Nxc3 17. Rb3 Ne2+ 18. Kh1 Nd4 19. Qf2 Nxb3 20. axb3 Bd5 21. Ne3 Re6 22. Bxc7 Bxg2+ 23. Qxg2 Qe8 24. Nd5 Kh8 25. Qf3 Qc6 26. c4 Rc8 27. Qxf7 Rf6 28. Rxf6 gxf6 29. Qg6 Rxc7 30. Qxh6+ Kg8 31. Qxf6 Qxf6 32. Nxf6+ Kf7 33. Nd5 Rb7 34. b4 Ke6 35. Kg2 Rf7 36. d4 a6 37. Kg3 Kd6 38. h4 Rf1 39. h5 Rg1+ 40. Kf4 Rf1+ 41. Kg5 Rg1+ 42. Kf5 Rf1+ 43. Nf4 Rb1 44. c5+ Kd7 45. Nd3 Rb3 46. Ke4 Rb1 47. Kd5 Rh1 48. c6+ Kc7 49. Nf4 Rh4 50. Ne6+ Kc8 51. Kc5 Rxh5+ 52. d5 1-0

[Event "Rheinland Pfalz op 2nd"]
[Site "Schweich"]
[Date "2010.07.17"]
[Round "5"]
[White "Erlekam, Simon"]
[Black "Kremer, Nadine"]
[Result "0-1"]
[WhiteElo "907"]
[BlackElo "1659"]
[PlyCount "106"]
[EventDate "2010.07.16"]
[EventType "swiss"]
[EventRounds "7"]
[EventCountry "GER"]
[SourceTitle "EXT 2012"]
[Source "ChessBase"]
[SourceDate "2011.11.24"]
[SourceVersion "1"]
[SourceVersionDate "2011.11.24"]
[SourceQuality "1"]

1. d4 d5 2. c4 dxc4 3. e4 b6 4. g3 Bb7 5. Bg2 Nf6 6. Nc3 e6 7. Nge2 Bb4 8. Bf4 0-0 9. 0-0 Nbd7 10. Qa4 Bxc3 11. Nxc3 c5 12. Bd6 Re8 13. e5 Bxg2 14. Kxg2 Nd5 15. Qxc4 cxd4 16. Nxd5 exd5 17. Qxd5 Nxe5 18. Qxd4 Nc6 19. Qf4 Re6 20. Rfd1 Rf6 21. Qd2 Qe8 22. Bf4 Rd8 23. Qe3 Re6 24. Rxd8 Qxd8 25. Qc3 Qd5+ 26. Qf3 Qxf3+ 27. Kxf3 Nd4+ 28. Kg2 h6 29. Bb8 a5 30. Ba7 g5 31. Kf1 Nf3 32. Kg2 g4 33. h3 h5 34. Rd1 Kg7 35. Bb8 Re2 36. Bc7 Rxb2 37. Rc1 a4 38. a3 b5 39. Bd6 Kg6 40. Bb4 Re2 41. h4 Ne5 42. Rd1 Nc4 43. Kg1 Ra2 44. Rd3 f6 45. Kf1 Ra1+ 46. Kg2 Ne5 47. Bc3 Rxa3 48. Re3 Nc4 49. Re1 Rxc3 50. Rb1 a3 51. Ra1 b4 52. Ra2 b3 53. Rxa3 Nxa3 0-1

[Event "Rheinland Pfalz op 2nd"]
[Site "Schweich"]
[Date "2010.07.17"]
[Round "4"]
[White "Kremer, Nadine"]
[Black "Mallmann, Bernd"]
[Result "0-1"]
[WhiteElo "1659"]
[BlackElo "1940"]
[PlyCount "70"]
[EventDate "2010.07.16"]
[EventType "swiss"]
[EventRounds "7"]
[EventCountry "GER"]
[SourceTitle "EXT 2012"]
[Source "ChessBase"]
[SourceDate "2011.11.24"]
[SourceVersion "1"]
[SourceVersionDate "2011.11.24"]
[SourceQuality "1"]

1. e4 c5 2. Nc3 Nc6 3. g3 g6 4. Bg2 Bg7 5. f4 e6 6. d3 Nge7 7. Nf3 0-0 8. 0-0 d6 9. Be3 b6 10. e5 d5 11. Nb5 Nf5 12. Bf2 a6 13. Na3 Rb8 14. c3 d4 15. g4 Nfe7 16. Nc4 Nd5 17. Qd2 dxc3 18. bxc3 Qc7 19. g5 Bb7 20. Nd6 Rfd8 21. Rab1 Ba8 22. a4 Na7 23. Rfc1 Ne7 24. d4 c4 25. Qe2 Bd5 26. Nd2 b5 27. h4 bxa4 28. N2xc4 Rxb1 29. Rxb1 Nb5 30. Be1 Bf8 31. Bxd5 Nxd5 32. Nxb5 axb5 33. Rxb5 Nxf4 34. Qf3 Qxc4 35. Qb7 Qd5 0-1